000 00510nam a2200193 a 4500
001 1772188197934
003 YourLibrary
005 20260227160154.0
008 260227s1995##################000#0#eng##
020 _a9780521497800
082 0 4 _a324.780973
_bBRO
100 1 _aBrown, Clifford W.,
_eauthor.
245 1 0 _aSerious Money :
260 _bCambridge University Press,
_c1995.
300 _a204 pages
650 0 _aPolitical Science.
942 _cENGLISH
040 _aYourLibrary
_beng
_cYourLibrary
999 _c615952
_d615952